| 000 | 01260nam a22002657a 4500 | ||
|---|---|---|---|
| 005 | 20220316091936.0 | ||
| 008 | 220316b mx ||||| |||| 00| 0 spa d | ||
| 020 | _a9682324777 | ||
| 050 |
_aHX656.T62 _bO84 2003 |
||
| 100 | 1 |
_aOwen, Albert Kimsey, _eautor. |
|
| 240 | 1 |
_aCredit Foncier of Sinaloa. a social study, 1885; the austin-topolovampo pacific railroad route, 1885. _lEspañol |
|
| 245 |
_aObras : _bEl Crédit Foncier de Sinaloa : un estudio social . La ruta Austin-Topolobampo del Ferrocarril del Pacífico : La obra del canal de Texcoco y Huehuetoca / _cAlbert K. Owen ; presentacion Sergio Ortega Noriega ; traduccion de Alejandro Rodriguez Maciel |
||
| 250 | _aPrimera edición | ||
| 260 |
_aMéxico : _bSiglo veintiuno : _bDifocur : _bEl Colegio de Sinaloa : _bUniversidad de Occidente, _c2003 |
||
| 300 |
_a351 páginas ; _c21 cmn |
||
| 490 | _aLos once ríos | ||
| 600 | 1 | _aOwen, Albert Kimsey | |
| 650 | 7 |
_2lemb _aCredit Foncier Company |
|
| 650 | 7 |
_2lemb _aCooperativismo _zSinaloa |
|
| 650 | 7 |
_2lemb _aEconomía _zSinaloa |
|
| 651 | 7 |
_2lemb _aTopolobampo (Sinaloa) _xCondiciones económicas |
|
| 700 | 1 |
_aOrtega Noriega, Sergio, _d1933-2015, _eprologuista |
|
| 700 | 1 |
_aRodriguez Maciel, Alejandro, _etraductor |
|
| 942 |
_2lcc _cLIB |
||
| 999 |
_c161090 _d161088 |
||